00417nam a2200181Ia 4500008004100000020001400041050001400055100001600069245003500085245001600120260001500136260001600151260000900167300001400176300002700190300001000217500000800227170918s9999 xx 000 0 und d a590223224 bC278 1997 aCarle, Eric aDo you want to be my friend? / cEric Carle. aNew York : bScholastic, c1997 aunpaged : bcolored illustration ; c20cm. a200